000
00207 a2200097 4500
001
48368
100
_a
Abbas, H Farroqi
245
_a
Unique Trial
260
_a
Karachi
_b
R.L.R Pub
_c
090
_c
31309
_d
31309
942
_a
NUST-CAE
_c
M
_c
23680
999
_c
283441
_d
283441